• 首页
  • 本馆介绍
  • 公告通知
  • 最新文献
  • 馆藏检索
  • 电子资源
  • 读者导购
  • 参考咨询
  • 我的图书馆
  • 登录
  • 详细信息显示
  • 放入我的书架
  • 预约/预借图书
  • 作者相关作品
  • 分类相关作品
  • 丛书相关作品
  • 出版社相关作品

书目信息

  • 表格格式
  • 工作单格式
  • 卡片格式
题名:
轻松搞定家装强电施工
    
 
作者: 阳鸿钧 编著
分册:  
出版信息: 北京   中国电力出版社  2017.5
页数: 255页
开本: 21cm
丛书名:
单 册:
中图分类: TU85
科图分类:
主题词: 住宅--室内装修--电气施工
电子资源:
ISBN: 978-7-5123-9795-8
000 00827nam0 2200241 450
001 0400003186
005 20171021203717.0
010    @a978-7-5123-9795-8@dCNY49.00
100    @a20170802d2017 em y0chiy50 ea
101 0  @achi
102    @aCN@b110000
105    @aa z 000yy
106    @ar
200 1  @a轻松搞定家装强电施工@9qing song gao ding jia zhuang qiang dian shi gong@f阳鸿钧等编著
210    @a北京@c中国电力出版社@d2017.5
215    @a255页@c图@d21cm
300    @a全彩超值精编版
330    @a本书共分4章,分别从强电基础一点通、工具电器全掌握、强电施工安装技能速精通、上岗技能快上手等进行了讲述,让读者轻轻松松搞定实用的家装强电施工技能。
606 0  @a住宅@x室内装修@x电气施工
690    @aTU85@v5
701  0 @a阳鸿钧@9yang hong jun@4编著
801  0 @aCN@b91MARC@c20171021
905    @b1035711-5@dTU85@f5@e1245
    
    轻松搞定家装强电施工/阳鸿钧等编著.-北京:中国电力出版社,2017.5
    255页:图;21cm
    全彩超值精编版
    
    ISBN 978-7-5123-9795-8:CNY49.00
    本书共分4章,分别从强电基础一点通、工具电器全掌握、强电施工安装技能速精通、上岗技能快上手等进行了讲述,让读者轻轻松松搞定实用的家装强电施工技能。
●
相关链接 在E读中查询图书 在五车中查询图书 在当当中查询图书 在豆瓣中查询图书


正题名:轻松搞定家装强电施工     索取号:TU85/1245         预约/预借

序号 登录号 条形码 馆藏地/架位号 状态 备注
1 1035711   210357111   第二样本阅览室/ [索取号:TU85/1245] 在馆    
2 1035712   210357120   密集书库-生命科学系/ [索取号:TU85/1245] 在馆    
3 1035713   210357139   第三借阅区/ [索取号:TU85/1245] 在馆    
4 1035714   210357148   第三借阅区/ [索取号:TU85/1245] 在馆    
5 1035715   210357157   第三借阅区/ [索取号:TU85/1245] 在馆    
唐山师范学院图书馆 欢迎您!
大连网信软件有限公司© 版权所有